Maailman valtiot tyhjällä kartalla- SUOMI - Statistics

General Stats
  • This quiz has been taken 192 times
  • The average score is 143 of 196
Answers on the Map
Answers color-coded by a green-red scale on the quiz's map according to % correct below.
 
Answer Stats
Country % Correct
Suomi
93%
Yhdysvallat
93%
Ruotsi
92%
Kiina
91%
Japani
90%
Norja
90%
Saksa
90%
Venäjä
90%
Intia
89%
Kanada
89%
Ranska
89%
Meksiko
88%
Turkki
88%
Ukraina
88%
Australia
86%
Brasilia
86%
Viro
86%
Egypti
85%
Espanja
85%
Etelä-Korea
85%
Italia
85%
Niger
85%
Thaimaa
85%
Valko-Venäjä
85%
Afganistan
84%
Argentiina
84%
Etelä-Afrikka
84%
Marokko
84%
Puola
84%
Tanska
84%
Kongon demokraattinen tasavalta
83%
Kongon tasavalta
83%
Liettua
83%
Nigeria
83%
Sveitsi
83%
Algeria
82%
Chile
82%
Latvia
82%
Pakistan
82%
Slovakia
82%
Unkari
82%
Uusi-Seelanti
82%
Belgia
81%
Filippiinit
81%
Indonesia
81%
Kreikka
81%
Peru
81%
Pohjois-Korea
81%
Portugali
81%
Alankomaat
80%
Iso-Britannia
80%
Israel
80%
Itävalta
80%
Kazakstan
80%
Kenia
80%
Kolumbia
80%
Mongolia
80%
Tsekki
80%
Vietnam
80%
Iran
78%
Saudi Arabia
78%
Slovenia
78%
Somalia
78%
Irak
77%
Irlanti
77%
Libya
77%
Oman
77%
Panama
77%
Namibia
76%
Romania
76%
Sudan
76%
Syyria
76%
Tunisia
76%
Albania
75%
Islanti
75%
Kroatia
75%
Kuuba
75%
Laos
75%
Nepal
75%
Paraguay
75%
Serbia
75%
Andorra
74%
Angola
74%
Bolivia
74%
Bosnia and Herzegovina
74%
Bulgaria
74%
Etiopia
74%
Guinea
74%
Guinea Bissau
74%
Haiti
74%
Mali
74%
Monaco
74%
Päiväntasaajan Guinea
74%
Tansania
74%
Turkmenistan
74%
Uruguay
74%
Zimbabwe
74%
Bangladesh
73%
Honduras
73%
Malesia
73%
Mauritania
73%
Costa Rica
72%
Dominikaaninen tasavalta
72%
Etelä Sudan
72%
Ghana
72%
Jordania
72%
Kosovo
72%
Luxemburg
72%
Makedonia
72%
Mauritius
72%
Senegal
72%
Taiwan
72%
Tsad
72%
Uzbekistan
72%
Botswana
70%
Ecuador
70%
Jemen
70%
Keski-Afrikan tasavalta
70%
Moldova
70%
Myanmar
70%
Norsunluurannikko
70%
Qatar
70%
San Marino
70%
Sri Lanka
70%
Tadzikistan
70%
Armenia
69%
El Salvador
69%
Guyana
69%
Jamaika
69%
Kypros
69%
Sambia
69%
Uganda
69%
Vatikaani
69%
Dominica
68%
Georgia
68%
Libanon
68%
Malediivit
68%
Venezuela
68%
Bhutan
67%
Eritrea
67%
Guatemala
67%
Madagaskar
67%
Malta
67%
Montenegro
67%
Nauru
67%
Benin
66%
Gambia
66%
Kambodza
66%
Liechtenstein
66%
Papua Uusi Guinea
66%
Ruanda
66%
Salomonsaaret
66%
Suriname
66%
Togo
66%
Burkina Faso
65%
Kirgisia
65%
Kuwait
65%
Lesotho
65%
Liberia
65%
Marshallinsaaret
65%
Mosambik
65%
Malawi
64%
Singapore
64%
Burundi
63%
Fidzi
63%
Swazimaa
63%
Vanuatu
63%
Bahrain
61%
Djibouti
61%
Kamerun
61%
Mikronesia
61%
Palau
61%
Bahama
60%
Gabon
60%
Nicaragua
60%
Belize
59%
Grenada
59%
Kap Verde
59%
Kiribati
59%
Seychellit
59%
Tuvalu
59%
Barbados
58%
Samoa
58%
Sierra Leone
58%
St. Lucia
58%
Antigua and Barbuda
56%
Brunei
56%
Itä-Timor
56%
Tonga
56%
Azerbaidzan
53%
Komorit
52%
São Tomé and Príncipe
51%
Yhdistyneet arabiemiraatit
51%
St. Kitts and Nevis
50%
St. Vincent and Grenadines
50%
Trinidad and Tobago
50%
No matching quizzes found
Score Distribution
Percent of People with Each Score
Percentile by Number Answered
Your Score History
You have not taken this quiz